vraz pošukom dorohu zakonverču j opynyt'sja duša ...

Bibliographic Details
Main Author: Faryna, Ihor Andrijovyč, 1958- (Author)
Format: Article
Language:Ukrainian
ISSN:0419-8131
Subjects:

MARC

LEADER 00000nab a2200000 4500
001 vtls012158818
003 SK-MaSNL
005 20260303101749.0
008 230119c2022 xo br|p || ||00 c0ukr
015 |a SNBRB2023/01 
038 |a SVKPOCL 
040 |a SVKPOCL  |b slo  |c SVKPOCL  |e rda 
041 0 |a ukr 
044 |a xo  |c SK 
072 7 |a 821.161  |x Východoslovanské literatúry  |2 konspekt 
080 |a 821.161.2-1  |2 2011 
080 |a (477)  |2 2011 
100 1 |a Faryna, Ihor Andrijovyč,  |d 1958-  |4 aut  |9 1086738 
245 1 0 |a vraz pošukom dorohu zakonverču j opynyt'sja duša ...  |c Ihor Faryna 
246 1 |i Iný názov:  |a ščodennja 
336 |a text  |b txt  |2 rdacontent 
337 |a bez média  |b n  |2 rdamedia 
338 |a zväzok  |b nc  |2 rdacarrier 
500 |a V rubrike Poezija 
650 0 7 |a ukrajinská poézia  |2 SNKPH  |9 59029 
650 0 7 |a ukrajinská literatúra  |2 SNKPH  |9 1218 
655 7 |a ukrajinská poézia  |2 SNKPH  |9 70502 
773 0 |t Duklja  |g Rik vydannja 70, № 6 (2022), s. 4  |x 0419-8131 
852 |a SVKPO  |b KIS3GCP 
958 |a UA 
958 |a SS 
958 |a LX 
958 |a NM 
999 |c 1840021  |d 1841951